Top 20 des français les plus suivis sur instagram - Statistiques

Statistiques générales
  • Ce quiz a été pris 406 fois
  • Le résultat moyen est 8 sur 20
Statistiques - réponses
Classement Nombre d'abonné en millions au 11 août 2024 Profession Personnalité % Correct
1 121 Footballeur Kylian Mbappé
100%
5 41.1 Footballeur Antoine Griezmann
86%
4 44.2 Entraîneur, ex-footballeur Zinedine Zidane
80%
15 11.2 DJ, producteur musical David Guetta
68%
3 61.8 Footballeur Paul Pogba
65%
2 76.6 Footballeur Karim Benzema
61%
19 10 DJ, producteur musical DJ Snake
58%
12 14.9 Footballeur Ousmane Dembélé
53%
10 16.5 Footballeur N'Golo Kanté
47%
20 9.2 Influenceuse, entrepreneuse, télé-réalité Nabilla
44%
15 11.2 Influenceur, youtubeur Tibo InShape
39%
15 11.2 Pâtissier Cédric Grolet
38%
6 23.1 Footballeur Raphaël Varane
35%
11 16.2 Équipe de foot national Équipe de France de football
24%
18 10.3 Influenceuse Léa Elui
17%
14 13.4 Footballeur Eduardo Camavinga
13%
7 19.5 Acteur Timothée Chalamet
11%
13 13.8 Footballeur Patrice Evra
5%
8 18.1 Entrepreneur David Michigan
1%
9 16.9 Actrice, chanteuse Golshifteh Farahani
0%
Aucun quiz correspondant
Distribution des résultats
% des personnes avec chaque résultat
Percentile par nombre de réponses
Votre historique - résultats
Vous n’avez pas pris ce quiz